000 01235nam a2200277Ia 4500
003 PE SENCICO BE
005 20251020182427.0
008 200515s9999 xx 000 0 und d
020 _a970-10-4202-6
040 _aPE SENCICO BE
_cPE SENCICO BE
041 _aspa
082 _a174.4
_bS55
100 1 _aSiliceo Aguilar, Alfonso
_92302
_eautor
245 1 0 _aPasión por el futuro :
_bnueva planeación estratégica fundada en valores /
_cAlfonso Siliceo Aguilar, José Luis Gonzáles Martínez
250 _a1a ed.
260 _aMéxico, D.F. :
_bMcGraw-Hill Interamericana ;
_c2004
300 _a155 p. :
_btbl., graf. ;
_c23 cm.
505 0 _aUna nueva coyuntura ética: septiembre de 2001 -- Trascender o morir : una nueva visión para las empresas y las organizaciones -- Hacia una nueva planeación estratégica -- Liderazgo para una nueva planeación estratégica -- La ética como inversión a futuro : las exigencias del entorno
650 1 0 _aÉtica en los negocios
_91339
650 2 0 _aPlanificación estratégica
_9731
650 2 0 _aÉtica profesional
_92303
650 2 0 _aLiderazgo
_9931
650 2 0 _aCultura organizacional
_91395
700 1 _92304
_aGonzález Martínez, José Luis
_eautor
942 _cLIB
_2ddc
999 _c138
_d138